000 00587nam a2200217 a 4500
005 20200104041518.0
008 140226b1994 ck ||||| |||| 00| 0 spa d
040 _aCO-BoIAVH
_cCO-BoIAVH
041 _aspa
044 _ack
090 _aLB
_b01116
110 _bUniversidad Nacional de Colombia
_965
245 _aEspecies de aves registradas en la subregión andina septentrional
260 _aBogotá
_bICN
_c1994?
300 _a162 p.
650 _aBiodiversidad
_992204
650 _aInventarios
_992201
650 _aAves
_944916
662 _aColombia
942 _cINFORME
_2z
_01
999 _c1127
_d1127